<?xml version="1.0" encoding="UTF-8"?><?xml-stylesheet type="text/xsl" href="static/style.xsl"?><OAI-PMH xmlns="http://www.openarchives.org/OAI/2.0/" xmlns:xsi="http://www.w3.org/2001/XMLSchema-instance" xsi:schemaLocation="http://www.openarchives.org/OAI/2.0/ http://www.openarchives.org/OAI/2.0/OAI-PMH.xsd"><responseDate>2026-04-14T02:23:42Z</responseDate><request verb="GetRecord" identifier="oai:www.recercat.cat:10459.1/467089" metadataPrefix="marc">https://recercat.cat/oai/request</request><GetRecord><record><header><identifier>oai:recercat.cat:10459.1/467089</identifier><datestamp>2025-09-15T18:13:50Z</datestamp><setSpec>com_2072_3622</setSpec><setSpec>col_2072_479130</setSpec></header><metadata><record xmlns="http://www.loc.gov/MARC21/slim" xmlns:dcterms="http://purl.org/dc/terms/" xmlns:xsi="http://www.w3.org/2001/XMLSchema-instance" xmlns:doc="http://www.lyncode.com/xoai" xsi:schemaLocation="http://www.loc.gov/MARC21/slim http://www.loc.gov/standards/marcxml/schema/MARC21slim.xsd">
   <leader>00925njm 22002777a 4500</leader>
   <datafield ind2=" " ind1=" " tag="042">
      <subfield code="a">dc</subfield>
   </datafield>
   <datafield ind2=" " ind1=" " tag="720">
      <subfield code="a">Quaratesi, Ilaria</subfield>
      <subfield code="e">author</subfield>
   </datafield>
   <datafield ind2=" " ind1=" " tag="720">
      <subfield code="a">Badea, Elena</subfield>
      <subfield code="e">author</subfield>
   </datafield>
   <datafield ind2=" " ind1=" " tag="720">
      <subfield code="a">Calinescu, Ioan</subfield>
      <subfield code="e">author</subfield>
   </datafield>
   <datafield ind2=" " ind1=" " tag="720">
      <subfield code="a">Pourrasoul Sardroudi, Nima</subfield>
      <subfield code="e">author</subfield>
   </datafield>
   <datafield ind2=" " ind1=" " tag="720">
      <subfield code="a">Zengin, Gökhan</subfield>
      <subfield code="e">author</subfield>
   </datafield>
   <datafield ind2=" " ind1=" " tag="720">
      <subfield code="a">Casas, Concepció</subfield>
      <subfield code="e">author</subfield>
   </datafield>
   <datafield ind2=" " ind1=" " tag="720">
      <subfield code="a">Bacardit i Dalmases, Anna</subfield>
      <subfield code="e">author</subfield>
   </datafield>
   <datafield ind2=" " ind1=" " tag="260">
      <subfield code="c">2024-11</subfield>
   </datafield>
   <datafield ind2=" " ind1=" " tag="520">
      <subfield code="a">This study explores the development and characterization of biodegradable leather using alginate derivatives as sustainable tanning agents, aiming to reduce the environmental impact associated with traditional leather tanning processes. Alginate, a natural polysaccharide derived from brown algae, was modified through ultrasound treatment to reduce viscosity and improve its application in leather tanning. This study investigated the use of sodium alginates as bio-based retanning agents, comparing their performance against that of conventional chromium-tanned and vegetable-tanned leathers, as well as synthetic alternatives such as leatherette, Piñatex®, and Desserto®. The physical, chemical, and thermal properties of the resulting leathers were assessed. The results demonstrated that alginate-based tanning agents could produce leather with comparable or superior properties to conventional and synthetic leathers, meeting the quality standards required for high-end footwear and leather goods. This research highlights the potential of alginate derivatives to serve as eco-friendly alternatives in the leather industry. The findings underscore the feasibility of integrating bio-based materials into industrial applications, promoting environmental conservation and resource efficiency.</subfield>
   </datafield>
   <datafield ind2=" " ind1=" " tag="520">
      <subfield code="a">This research was funded by Centro para el Desarrollo Tecnol\u00F3gico Industrial (CDTI) within the frame of the Eureka project PN-III-P3-3.5-EUK-2019-0236 \u201CBiodegradable and Antimicrobial Re-tanning Agent and Coating for Ecological and Safe Leather\u2014BIOSAFE LEATHER E!13427\u201D.</subfield>
   </datafield>
   <datafield tag="653" ind2=" " ind1=" ">
      <subfield code="a">Alginate derivatives</subfield>
   </datafield>
   <datafield tag="653" ind2=" " ind1=" ">
      <subfield code="a">Leather</subfield>
   </datafield>
   <datafield tag="653" ind2=" " ind1=" ">
      <subfield code="a">Leatherette</subfield>
   </datafield>
   <datafield tag="653" ind2=" " ind1=" ">
      <subfield code="a">Plant-based materials</subfield>
   </datafield>
   <datafield ind2="0" ind1="0" tag="245">
      <subfield code="a">Eco-Friendly Alternatives in Leather Production: Performance of Biodegradable Alginate-Based Retanned Leather Compared to Conventional Leathers and Plant-Based Materials</subfield>
   </datafield>
</record></metadata></record></GetRecord></OAI-PMH>